00863nam a22002657a 45000010009000000050017000090080041000260400013000670420007000800430012000870500017000990820019001161300049001352450019001842600048002033000030002513100011002813620010002925000022003025000061003245150051003856510053004366510051004897100057005401504234620071121050257.0071012c20079999enkar | 0eng  aDLCcDLC alc ae-uk--- aHC251b.B745 a301.094205222 aBritain today (Swindon (Wiltshire, England)) aBritain today. aNew Delhi :bBritish High Commissionc2008- av. :bcol. ill. ;c28 cm. aAnnual a2007- aTitle from cover. a"The state of the nation in ..."--Cover and spine, 2007- aIssue for 2007 called also: "Inaugural issue." aGreat BritainxEconomic conditionsvPeriodicals. aGreat BritainxSocial conditionsvPeriodicals. aEconomic and Social Research Council (Great Britain)